| 000 | 00340nam a2200145Ia 4500 | ||
|---|---|---|---|
| 008 | 230711s9999||||xx |||||||||||||| ||und|| | ||
| 041 | _aENG | ||
| 082 |
_a540 _bHI-C |
||
| 100 | _aHill,John W | ||
| 245 | 0 | _aChemistry and life | |
| 250 | _a1st | ||
| 260 |
_c1986 _aNew Delhi _bNew Delhi ISTE Publication |
||
| 650 | _aChemistry | ||
| 942 | _cBK | ||
| 999 |
_c1188 _d1188 |
||